00871nam a2200217 a 450000100060000000300080000600500170001400800410003103500190007204000310009104100080012208200260013010000510015624502830020725000210049026000400051130000340055150000190058565000270060470000220063172715BD-RjUL20211209082312.0170522s1949 enk 001 0 eng d a(BD-RjUL)72933 aDLCcTUdDLCdBD-RjULbeng aeng00223a581.941bJOF 19491 aJohns, C. A.q(Charles Alexander),d1811-1874.10aFlowers of the field /cby C. A. Johns.; Rev. throughout and ed. by R.A. Blakelock. With an appendix including the Pipe-wort tribe (Eriocaulaceæ), the Sedge tribe (Cyperaceæ), and the Grass tribe (Gramineæ) With 266 coloured illus. by E.N. Gwatkin and 245 cuts in the text. aPresent rev. ed. aLondon :bRoutledge & K. Paulc1949 axiv, 356 p. :bill. ;c23 cm. aIncludes index 0aBotanyzGreat Britain. aBlakelock, R.A.